| 000 | 00526nam a2200205Ia 4500 | ||
|---|---|---|---|
| 005 | 20231221091917.0 | ||
| 008 | 131103s9999 xx 000 0 und d | ||
| 020 |
_a631116605 _c15 s.net |
||
| 040 | _aLoreto College | ||
| 041 | _aEnglish | ||
| 082 |
_a429 _bMIT |
||
| 100 | _aMitchell,Bruce | ||
| 245 | 2 |
_aA Guide to Old English, _cBruce Mitchell |
|
| 250 | _a2nd ed. | ||
| 260 |
_aOxford _bBasil Blackwell _c1968 |
||
| 300 | _axvi,168 p. | ||
| 504 | _aIncludes index and appendix | ||
| 850 | _aLCLIB | ||
| 942 | _cBK | ||
| 999 |
_c7098 _d57577 |
||